=LDR 00000nam 2200000 4500 =001 INLIS000000000022358 =005 20130612121125 =008 ***********************************Ind** =035 ##$$0010-061300000022358 =041 ##$$a Ind =082 ##$$a 658.401 =090 ##$$a 658.401, All p =100 ##$$a Allison, Michael =245 ##$$a Perencanaan strategis bagi organisasi nirlaba, pedoman praktis dan buku kerja, Michael Allison, Jude Kaye =260 ##$$a 2006 $b Jakarta =300 ##$$a xxx, 322 hlm, ilus, 24 cm =650 ##$$a Manajemen Eksekutif =850 ##$$a NBPNMAT =990 ##$$a 0001/BPAP-NTB/2016